[Event "Vecindario Montalvo Memorial 15th"]
[Site "Vecindario"]
[Date "2023.04.09"]
[Round "9"]
[White "Damaso Tacoronte, Carolina"]
[Black "Guerra Aleman, Marcial"]
[Result "1-0"]
[WhiteElo "1798"]
[BlackElo "1622"]
[PlyCount "41"]
[EventDate "2023.04.02"]
[EventType "swiss"]
[EventRounds "9"]
[EventCountry "ESP"]
[SourceTitle "CBM 213 Extra"]
[Source "ChessBase"]
[SourceDate "2023.05.31"]
[SourceVersion "1"]
[SourceVersionDate "2023.05.31"]
[SourceQuality "1"]

1. e4 d6 2. d4 Nf6 3. Nc3 g6 4. f4 Bg7 5. Nf3 c6 6. Bd3 0-0 7. 0-0 b5 8. a3 Qb6 9. Kh1 Bg4 10. Qe1 b4 11. Na4 Qc7 12. axb4 Nbd7 13. e5 Nd5 14. Ng5 f6 15. Nxh7 Kxh7 16. Qh4+ Kg8 17. Bxg6 Rfb8 18. Qxg4 Nf8 19. e6 Qc8 20. Bf7+ Kh8 21. f5 1-0

[Event "Vecindario Montalvo Memorial 15th"]
[Site "Vecindario"]
[Date "2023.04.02"]
[Round "2"]
[White "Uzcategui Rodriguez, Alejandro"]
[Black "Damaso Tacoronte, Carolina"]
[Result "1-0"]
[WhiteElo "2255"]
[BlackElo "1798"]
[PlyCount "91"]
[EventDate "2023.04.02"]
[EventType "swiss"]
[EventRounds "9"]
[EventCountry "ESP"]
[SourceTitle "CBM 213 Extra"]
[Source "ChessBase"]
[SourceDate "2023.05.31"]
[SourceVersion "1"]
[SourceVersionDate "2023.05.31"]
[SourceQuality "1"]

1. e4 e6 2. d4 d5 3. Nd2 dxe4 4. Nxe4 Bd7 5. Nf3 Bc6 6. Bd3 Nd7 7. 0-0 Ngf6 8. Ng3 Bxf3 9. Qxf3 c6 10. Re1 Be7 11. c4 0-0 12. Bd2 Re8 13. Bc3 Rc8 14. Rad1 Qb6 15. a3 Qc7 16. Ne4 h6 17. Bb1 Nf8 18. d5 Nxe4 19. Qxe4 exd5 20. Qg4 Bg5 21. g3 Nh7 22. h4 Bf6 23. Bxh7+ Kxh7 24. Qf5+ Kg8 25. Bxf6 gxf6 26. Qxf6 Kh7 27. cxd5 cxd5 28. Rxe8 Rxe8 29. Qf5+ Kg7 30. Qxd5 Re6 31. Qd4+ Kg6 32. Qxa7 Rb6 33. Qa5 Qc6 34. Qe5 Qf6 35. Qxf6+ Kxf6 36. b4 Ra6 37. Rd3 Kf5 38. Kg2 f6 39. Kf3 h5 40. Rc3 Rd6 41. a4 Rd4 42. Rc5+ Kg6 43. Rb5 Rd7 44. a5 Re7 45. Kf4 Rd7 46. Ke4 1-0

[Event "Liga Insular Gran Canaria 1b Ascenso"]
[Site "Las Palmas"]
[Date "2019.05.25"]
[Round "1.1"]
[White "Leon Rodriguez, Orlando"]
[Black "Damaso Tacoronte, Carolina"]
[Result "1-0"]
[WhiteElo "2211"]
[BlackElo "1757"]
[PlyCount "67"]
[EventDate "2019.05.25"]
[EventType "team-tourn"]
[EventRounds "3"]
[EventCountry "ESP"]
[SourceTitle "EXT 2021"]
[Source "ChessBase"]
[SourceDate "2020.10.23"]
[SourceVersion "1"]
[SourceVersionDate "2020.10.23"]
[SourceQuality "1"]
[WhiteTeam "Panaderia Pulido San Mateo"]
[BlackTeam "La Aldea"]
[WhiteTeamCountry "ESP"]
[BlackTeamCountry "ESP"]

1. e4 c5 2. c3 Nc6 3. d4 e6 4. Nf3 d5 5. e5 Nge7 6. Bd3 Ng6 7. h4 c4 8. Bc2 Bd7 9. b3 b5 10. h5 Nge7 11. h6 Qa5 12. hxg7 Bxg7 13. b4 Qb6 14. Rxh7 0-0-0 15. Ke2 Rxh7 16. Bxh7 f6 17. exf6 Bxf6 18. Be3 e5 19. dxe5 d4 20. exf6 dxe3 21. fxe7 Nxe7 22. Qd4 Qh6 23. Qc5+ Nc6 24. Be4 exf2 25. Kxf2 Be8 26. Qe3 Qh1 27. Qe1 Qh6 28. Nbd2 Qf6 29. Qe3 Bd7 30. Re1 Rf8 31. Qc5 Rg8 32. Qxb5 Kd8 33. Bxc6 Bxc6 34. Qb8+ 1-0

[Event "Gran Canaria Cabildo op"]
[Site "Gran Canaria"]
[Date "2018.04.03"]
[Round "5"]
[White "Almeida Cubas, Mirella"]
[Black "Damaso Tacoronte, Carolina"]
[Result "0-1"]
[WhiteElo "1255"]
[BlackElo "1746"]
[PlyCount "44"]
[EventDate "2018.03.06"]
[EventType "swiss"]
[EventRounds "7"]
[EventCountry "ESP"]
[SourceTitle "CBM 183 Extra"]
[Source "ChessBase"]
[SourceDate "2018.04.19"]
[SourceVersion "1"]
[SourceVersionDate "2018.04.19"]
[SourceQuality "1"]

1. c4 e5 2. Nc3 d6 3. g3 g6 4. Bg2 Bg7 5. Nf3 f5 6. d3 Nf6 7. 0-0 Nc6 8. Rb1 0-0 9. Bd2 h6 10. b4 Be6 11. b5 Ne7 12. Ne1 c6 13. a4 g5 14. bxc6 bxc6 15. Rb7 Bc8 16. Rb3 f4 17. Qb1 fxg3 18. hxg3 Qe8 19. Rb8 Rxb8 20. Qxb8 Qh5 21. Qxd6 Ng4 22. Nf3 Rxf3 0-1

[Event "Tenerife op 22nd"]
[Site "Santa Cruz de Tenerife"]
[Date "2011.12.21"]
[Round "4"]
[White "Lopez Pereyra, Antonio"]
[Black "Damaso Tacoronte, Carolina"]
[Result "1-0"]
[WhiteElo "2132"]
[BlackElo "1861"]
[PlyCount "113"]
[EventDate "2011.12.18"]
[EventType "swiss"]
[EventRounds "9"]
[EventCountry "ESP"]
[SourceTitle "CBM 146 Extra"]
[Source "ChessBase"]
[SourceDate "2012.02.29"]
[SourceVersion "1"]
[SourceVersionDate "2012.02.29"]
[SourceQuality "1"]

1. e4 c6 2. d4 d5 3. e5 Bf5 4. h4 h5 5. c4 e6 6. Nc3 Bb4 7. cxd5 cxd5 8. Bg5 Qa5 9. Qd2 Nc6 10. a3 Bxc3 11. bxc3 Rc8 12. Ne2 f6 13. exf6 Nxf6 14. Bxf6 gxf6 15. Ng3 Bg6 16. Bd3 Ne7 17. Rc1 Kf7 18. 0-0 Bxd3 19. Qxd3 Ng6 20. Rfe1 Nxh4 21. Qe3 Rce8 22. Qf4 Ng6 23. Qf3 Qc7 24. c4 Qf4 25. cxd5 Qxf3 26. Rc7+ Re7 27. Rxe7+ Kxe7 28. Rxe6+ Kd7 29. gxf3 h4 30. Ne4 Nf4 31. Nxf6+ Kd8 32. Re4 Nh3+ 33. Kh2 Nxf2 34. Re6 Nd3 35. d6 Nf4 36. Re4 Ng6 37. Rg4 Nf8 38. Rg7 Ne6 39. Rxb7 Kc8 40. Rxa7 Kb8 41. Re7 Nxd4 42. d7 Rd8 43. Nd5 Nxf3+ 44. Kg2 Nd4 45. Re8 Nc6 46. Kh3 Kb7 47. Nf6 Ra8 48. Re3 Nd4 49. a4 Kc7 50. Re8 Rd8 51. a5 Nc6 52. a6 Rxd7 53. Nxd7 Kxd7 54. Re2 Kc7 55. Rb2 Kd6 56. Rb7 Kc5 57. a7 1-0

[Event "Tenerife Cristo Centenario op"]
[Site "Tenerife "]
[Date "2010.09.27"]
[Round "8"]
[White "Damaso Tacoronte, Carolina"]
[Black "Perez Celis, Alba"]
[Result "1-0"]
[WhiteElo "1860"]
[BlackElo "1819"]
[PlyCount "97"]
[EventDate "2010.09.20"]
[EventType "swiss"]
[EventRounds "9"]
[EventCountry "ESP"]
[SourceTitle "EXT 2013"]
[Source "ChessBase"]
[SourceDate "2012.11.22"]
[SourceVersion "1"]
[SourceVersionDate "2012.11.22"]
[SourceQuality "1"]

1. d4 d5 2. c4 c6 3. Nc3 Nf6 4. Nf3 e6 5. Bg5 dxc4 6. e4 b5 7. e5 h6 8. Bh4 g5 9. Nxg5 hxg5 10. Bxg5 Nbd7 11. Qf3 Qb6 12. Bxf6 Nxf6 13. Qxf6 Rg8 14. Qf4 Bb7 15. f3 Rg6 16. Ne4 Bb4+ 17. Ke2 Rd8 18. Rd1 Qa5 19. Nf6+ Rxf6 20. exf6 Qxa2 21. Rd2 Bxd2 22. Qxd2 c5 23. h4 Rxd4 24. Qc1 b4 25. Ke1 Qa5 26. Bxc4 b3+ 27. Kf2 Rd2+ 28. Be2 Ba6 29. Re1 Rc2 30. Qg5 Qb5 31. Qg8+ Kd7 32. Qxf7+ Kd6 33. Qf8+ Kc6 34. Qe8+ Kd6 35. Rd1+ Ke5 36. Qxb5 Bxb5 37. f7 Bxe2 38. Re1 Rxb2 39. f8Q Kd5 40. Rxe2 Rxe2+ 41. Kxe2 Kc4 42. Kd2 a5 43. Qa8 Kb4 44. Qb7+ Ka3 45. Qb5 a4 46. Qxc5+ Ka2 47. Qb4 a3 48. h5 b2 49. Kc2 1-0

[Event "Tenerife Cristo Centenario op"]
[Site "Tenerife "]
[Date "2010.09.25"]
[Round "6"]
[White "Damaso Tacoronte, Carolina"]
[Black "Mingorance Torres, Francisco"]
[Result "1-0"]
[WhiteElo "1860"]
[BlackElo "1771"]
[PlyCount "85"]
[EventDate "2010.09.20"]
[EventType "swiss"]
[EventRounds "9"]
[EventCountry "ESP"]
[SourceTitle "EXT 2013"]
[Source "ChessBase"]
[SourceDate "2012.11.22"]
[SourceVersion "1"]
[SourceVersionDate "2012.11.22"]
[SourceQuality "1"]

1. d4 d5 2. c4 c6 3. Nc3 Nf6 4. Nf3 e6 5. Bg5 Be7 6. e3 Nbd7 7. Qc2 0-0 8. Bd3 dxc4 9. Bxc4 b5 10. Bd3 a6 11. Bxf6 Nxf6 12. Ne4 Qa5+ 13. Nfd2 Bb7 14. Nxf6+ Bxf6 15. Bxh7+ Kh8 16. Be4 e5 17. dxe5 Bxe5 18. 0-0 g6 19. Nf3 Bb8 20. Qc5 Qd8 21. Rad1 Qe8 22. Bc2 Ba7 23. Qc3+ Kg8 24. Ne5 b4 25. Qxb4 Qxe5 26. Qxb7 Bb8 27. g3 Ra7 28. Qxc6 Rc7 29. Qe4 Qxb2 30. Bb3 Qf6 31. Rc1 Re7 32. Qa4 Rfe8 33. Rc6 Qg5 34. Qxa6 Kg7 35. Qc4 Qh5 36. Rc8 Rxc8 37. Qxc8 Ba7 38. Qc3+ Kh6 39. Qh8+ Kg5 40. h4+ Kf5 41. Qxh5+ gxh5 42. Rd1 Kg4 43. Kg2 1-0

[Event "La Laguna op 4th"]
[Site "La Laguna"]
[Date "2010.04.11"]
[Round "9"]
[White "Damaso Tacoronte, Carolina"]
[Black "Arnaiz Yanes, Miguel Angel"]
[Result "0-1"]
[WhiteElo "1878"]
[BlackElo "1995"]
[PlyCount "73"]
[EventDate "2010.04.05"]
[EventType "swiss"]
[EventRounds "9"]
[EventCountry "ESP"]
[SourceTitle "CBM 135 Extra"]
[Source "ChessBase"]
[SourceDate "2010.05.04"]
[SourceVersion "1"]
[SourceVersionDate "2010.05.04"]
[SourceQuality "1"]

1. e4 e5 2. Nf3 Nc6 3. Bc4 Bc5 4. c3 Nf6 5. d3 0-0 6. Bg5 h6 7. Bh4 g5 8. Bg3 d6 9. h3 Kg7 10. Nbd2 a6 11. Nf1 Nh5 12. N3h2 Nf4 13. Bxf4 exf4 14. h4 Na5 15. Bb3 Nxb3 16. axb3 f5 17. hxg5 Qxg5 18. Qf3 fxe4 19. dxe4 h5 20. Rd1 Be6 21. b4 Bb6 22. Rg1 Rae8 23. Qd3 Bf5 24. Nd2 Qh4 25. Qf1 Bxe4 26. Nxe4 Rxe4+ 27. Kd2 Bxf2 28. Nf3 Be3+ 29. Kc2 Qf2+ 30. Qxf2 Bxf2 31. Rh1 Rf5 32. Rhf1 Re2+ 33. Kd3 Rxb2 34. Rd2 Rd5+ 35. Nd4 Rxd2+ 36. Kxd2 Bxd4 37. cxd4 0-1

[Event "La Laguna op 4th"]
[Site "La Laguna"]
[Date "2010.04.09"]
[Round "6"]
[White "Damaso Tacoronte, Carolina"]
[Black "Suarez Ramirez, Jonay"]
[Result "1-0"]
[WhiteElo "1878"]
[BlackElo "1456"]
[PlyCount "73"]
[EventDate "2010.04.05"]
[EventType "swiss"]
[EventRounds "9"]
[EventCountry "ESP"]
[SourceTitle "CBM 135 Extra"]
[Source "ChessBase"]
[SourceDate "2010.05.04"]
[SourceVersion "1"]
[SourceVersionDate "2010.05.04"]
[SourceQuality "1"]

1. e4 c5 2. Nf3 Nc6 3. c3 g6 4. Be2 Bg7 5. d3 d6 6. a4 a6 7. Be3 Nf6 8. 0-0 0-0 9. Nbd2 Bg4 10. h3 Be6 11. d4 cxd4 12. cxd4 Nb4 13. d5 Bd7 14. Qb3 a5 15. Nd4 Na6 16. Nb5 Nc5 17. Bxc5 dxc5 18. Rac1 Bh6 19. f4 e5 20. dxe6 Bxe6 21. Qc2 Re8 22. Rcd1 Qb6 23. Bc4 Rad8 24. Bxe6 Rxe6 25. Nc4 Rxd1 26. Nxb6 Rxf1+ 27. Kxf1 Rxb6 28. Qd3 Kg7 29. e5 Nh5 30. g3 c4 31. Qc3 Ra6 32. Kg2 Re6 33. Nc7 Rc6 34. e6+ Kf8 35. Qh8+ Ke7 36. Qe8+ Kf6 37. Qxf7# 1-0

[Event "La Laguna op 4th"]
[Site "La Laguna"]
[Date "2010.04.08"]
[Round "5"]
[White "Perez Aleman, Pedro Tomas"]
[Black "Damaso Tacoronte, Carolina"]
[Result "1-0"]
[WhiteElo "2094"]
[BlackElo "1878"]
[PlyCount "61"]
[EventDate "2010.04.05"]
[EventType "swiss"]
[EventRounds "9"]
[EventCountry "ESP"]
[SourceTitle "CBM 135 Extra"]
[Source "ChessBase"]
[SourceDate "2010.05.04"]
[SourceVersion "1"]
[SourceVersionDate "2010.05.04"]
[SourceQuality "1"]

1. e4 e5 2. Nf3 Nf6 3. Nxe5 Qe7 4. Nf3 Nxe4 5. Be2 d5 6. 0-0 Be6 7. Re1 Nd7 8. Nc3 Ndf6 9. d3 Nd6 10. Nd4 0-0-0 11. Bg5 Qd7 12. a4 c6 13. a5 h6 14. Bf4 g5 15. Be5 Bg7 16. Na4 Nfe8 17. Nc5 Qe7 18. Bg4 Bxe5 19. Rxe5 Ng7 20. Ncxe6 Nxe6 21. Nxe6 Kb8 22. a6 fxe6 23. axb7 Qf7 24. Qe1 Nxb7 25. Rxe6 Rde8 26. Qe5+ Ka8 27. Qd4 Nd8 28. Rxe8 Rxe8 29. Bh5 Re1+ 30. Rxe1 Qxh5 31. Qh8 1-0

[Event "Tenerife op 20th"]
[Site "Tenerife"]
[Date "2009.12.27"]
[Round "7"]
[White "Damaso Tacoronte, Carolina"]
[Black "Febles Dominguez, Alfonso Jesus"]
[Result "1-0"]
[WhiteElo "1868"]
[BlackElo "1542"]
[PlyCount "119"]
[EventDate "2009.12.19"]
[EventType "swiss"]
[EventRounds "9"]
[EventCountry "ESP"]
[SourceTitle "CBM 134 Extra"]
[Source "ChessBase"]
[SourceDate "2010.03.03"]
[SourceVersion "1"]
[SourceVersionDate "2010.03.03"]
[SourceQuality "1"]

1. e4 c5 2. Nf3 d6 3. d4 cxd4 4. Nxd4 Nf6 5. Nc3 Nc6 6. g3 g6 7. Bg2 e5 8. Ndb5 a6 9. Na3 Bg7 10. Bg5 h6 11. Be3 Ng4 12. Nd5 Nxe3 13. Nxe3 Be6 14. c3 0-0 15. Nac4 Qc7 16. Qxd6 Rac8 17. 0-0-0 b5 18. Qxc7 Rxc7 19. Nd5 Ra7 20. Nce3 Re8 21. h3 Ne7 22. Nxe7+ Raxe7 23. Nd5 Rb7 24. Kb1 a5 25. Rd3 Rd7 26. Rhd1 Red8 27. g4 Kh8 28. Bf1 Rb8 29. Ne3 Rdb7 30. Rd8+ Kh7 31. Rxb8 Rxb8 32. c4 bxc4 33. Bxc4 Bxc4 34. Nxc4 a4 35. Rd5 Rb4 36. Nd6 Kg8 37. f3 Kf8 38. Kc2 Rb8 39. Nc4 Rc8 40. Kd3 f6 41. Ra5 Rd8+ 42. Kc2 h5 43. Rxa4 Bh6 44. Ra7 Bg5 45. a4 hxg4 46. hxg4 Bh4 47. Ra5 Be1 48. Rd5 Rc8 49. Kd3 Kg7 50. a5 Kh6 51. a6 Bf2 52. Ne3 Ra8 53. Ra5 Rd8+ 54. Ke2 Bg1 55. a7 Ra8 56. b4 Kg5 57. b5 Kf4 58. Nd5+ Kg3 59. b6 Rc8 60. Ra2 1-0